| Tag |
First Indicator |
Second Indicator |
Subfields |
| LEADER |
00000cam a2200000 a 4500 |
| 001 |
in00000025810 |
| 005 |
20151007054501.0 |
| 008 |
870731s1988 pau b 00010 eng |
| 010 |
|
|
|a 87021263
|
| 020 |
|
|
|a 080062047X (pbk.)
|
| 035 |
|
|
|a (OCoLC)16469427
|
| 035 |
|
|
|9 AAB5194AM
|
| 040 |
|
|
|a DLC
|c DLC
|d TXA
|d UtOrBLW
|
| 041 |
0 |
|
|a eng
|a ger
|
| 049 |
|
|
|a TXAM
|c [A10909457]
|
| 050 |
0 |
0 |
|a BX8.2
|b .C7713 1988
|
| 082 |
0 |
|
|a 262/.0011
|2 19
|
| 100 |
1 |
|
|a Cullmann, Oscar.
|
| 240 |
1 |
0 |
|a Einheit durch Vielfalt.
|l English
|
| 245 |
1 |
0 |
|a Unity through diversity :
|b its foundation, and a contribution to the discussion concerning the possibilities of its actualization /
|c Oscar Cullmann ; translated by M. Eugene Boring.
|
| 264 |
|
1 |
|a Philadelphia :
|b Fortress Press,
|c [1988]
|
| 264 |
|
4 |
|c ©1988
|
| 300 |
|
|
|a 109 pages ;
|c 22 cm.
|
| 336 |
|
|
|a text
|b txt
|2 rdacontent
|
| 337 |
|
|
|a unmediated
|b n
|2 rdamedia
|
| 338 |
|
|
|a volume
|b nc
|2 rdacarrier
|
| 504 |
|
|
|a Bibliography: pages 103-109.
|
| 650 |
|
0 |
|a Christian union.
|
| 999 |
|
|
|a MARS
|
| 999 |
f |
f |
|s e048c2f5-d9ae-3ef9-8003-13f2a73aec8e
|i d911225d-d623-3ec3-836a-0da6d66948de
|t 0
|
| 952 |
f |
f |
|p ric
|a Texas A&M University
|b Rellis Campus
|c Joint Library Facility
|d Remote Storage
|t 0
|e BX8.2 .C7713 1988
|h Library of Congress classification
|i unmediated -- volume
|m A14810909457
|
| 998 |
f |
f |
|a BX8.2 .C7713 1988
|t 0
|l Remote Storage
|